000 00586nam a22002177a 4500
003 UA-OsUOA
001 88613
007 ta
008 20121009b un ||||| |||| 00| 0 ukr d
090 _a821.521
_bЯ70
942 _cBK
040 _aUA-OsUOA
_brus
_cUA-OsUOA
_dUA-OsUOA
245 _aЯпонские повести
_cред. Морина З.
300 _a456 с.
955 _a3
041 _arus
080 _a821.521
260 _aМ.
_bМолодая гвардия
_c1957
650 7 _a82 Література. Літературознавство
_2UDC
999 _c374743
_d374743